000 01254nam a2200337 a 4500
001 000037960
003 DO-SdBNP
005 20251113070646.0
008 130311s2012 dr r 000 0 spa d
020 _a9789945486018
040 _aDO-SdBNP
_bspa
_cBNPHU
_erda
041 _aspa
082 4 _a352.367
_bV715r 2012
_222
100 1 _aVillamán, Marcos
_9760
245 1 0 _aReforma y construcción de mayorías :
_baprendizajes históricos, temas-consejos y agendas posibles /
_cMarcos Villamán.
250 _a2ª ed.
260 _aSanto Domingo :
_bEdiciones Voces,
_c2012.
300 _a85 páginas ;
_c26 cm.
336 _atexto
_btxt
_2rdacontent
337 _asin mediación
_bn
_2rdamedia
338 _avolumen
_bnc
_0rdacarrier
504 _aIncluye referencias bibliográficas y notas al pie de páginas.
504 _aBibliografía : páginas 78-84.
590 _aInventariado, 2018/BT
650 4 _aReforma del estado
_zRepública Dominicana
_99500
651 4 _aRepública Dominicana
_xAdministración Pública
_9657
651 0 _aRepública Dominicana
_xPolítica y gobierno
_945
710 1 _aRepública Dominicana. Consejo Nacional de Reforma del Estado
_964396
910 _aValidado. Control de calidad. EMS
942 _2ddc
_cLBS1
999 _c37450
_d37450